00878nam a22002657a 45000010005000000030009000050050017000140070003000310080040000340200018000740400030000920820028001221000027001502450102001772640043002793000045003223360027003673370035003943380030004294400029004596500030004886500030005187000032005487000032005800074DO-SdBPM20250808104338.0ta151207b1993 sp | |||| 00| 0 spa d a9788478382484 aDO-SdBPMbspacBPMSUerda 4a839.736bG868h 19932221 aGripe, Maríaeautor 14aLos hijos del vidriero /cMaría Gripe ; traducciónJulia D. Arnau ; ilustraciones Irene Bordoy aMadrid :bEdiciones del Prado, c1993. a191 páginas :bilustración c20 cm. atextobtxt2rdacontent asin mediación bn2rdamedia  avolumen bnc2rdacarrier 0 aEl submarino naranja,v8 7aCuentos infantiles suecos 7aPadres e hijos vCuentos.1 aArnau, Julia D.etraductor 1 aBordoy, Irene,eilustrador